Kendime düşünceler / (Record no. 15292)

MARC details
000 -BAŞLIK
Sabit Uzunlukta Kontrol Alanı 00798nam a22002417a 4500
999 ## - SİSTEM KONTROL NUMARALARI (KOHA)
Koha Biblionumber 15292
Koha Biblioitemnumber 15292
003 - KONTROL NUMARASI IDENTIFIER
Denetim Alanı MIRAKIL
005 - SON İŞLEM TARİHİ VE ZAMANI
Denetim Alanı 20240206151158.0
008 - SABİT-BOY VERİ ELEMANLARI - GENEL BİLGİLER
Sabit Uzunlukta Kontrol Alanı 240206b tu ||||| |||| 00| 0 tur d
020 ## - ULUSLARARASI STANDART KİTAP NUMARASI
Uluslararası Standart Kitap Numarası 9786052954027
040 ## - KATALOGLAMA KAYNAK
Orijinal Kataloglama Ajansı TR-AnCHP
Metne Dönüştürmek Ajansı TR-AnCHP
041 ## - DİL KODU
Metin / Ses Parça Veya Ayrı Başlığın Dil Kodu Türkçe
082 ## - DEWEY ONLU SINIFLANDIRMA NUMARASI
Sınıflandırma Numarası 188
Ürün Numarası A86K 2020
090 ## - SINIFLAMA NUMARASI
Sınıflama Numarası 188 18 A86K 2020
100 ## - ANA GİRİŞ - KİŞİSEL İSİM
Kişisel Ad Aurelius, Marcus
245 10 - BAŞLIK TABLOSU
Başlık Kendime düşünceler /
Sorumluluk Tablosu, Vb Marcus Aurelius ; çeviren : Y. Emre Ceren ; editör : Koray Karasulu
250 ## - EDITION TABLOSU
Baskı Beyanı 10. bs.
260 ## - YAYIN, DAĞITIM, VB
Yayın, Dağıtım, Vb Yeri İstanbul
Yayıncı, Dağıtıcı, Vs Adı Türkiye İş Bankası Kültür
Yayın, Dağıtım, Vb Tarihi 2020
300 ## - FİZİKSEL TANIM
Kapsam 144 s.
Boyutlar 21 cm.
490 0# - SERİSİ TABLOSU
Seri Beyanı İş Bankası Kültür yayınları :
Hacim / Ardışık Tanımı 4142
650 #0 - KONU KATMA GİRİŞ - TOPİKAL DÖNEM
9 (RLIN) 34
Topikal Süreli Veya Coğrafi Ad Giriş Elemanı Felsefe
Genel Alt Bölümü Stoacılık
856 ## - ELEKTRONİK YER VE ERİŞİM
Kamu Notu Dijital Nüshası için Partimizin Kütüphane Sorumlusu ile iletişime geçiniz.
942 ## - EKLENDİ GİRİŞ ELEMANLARI (KOHA)
Sınıflandırma Veya Raf Düzeni Kaynak Dewey Decimal Classification
Koha Öğesi Türü Books
Holdings
Kalıcı Konum Mevcut Konum Edinme Tarihi Toplam Check-Out'Lar Tam Çağrı Numarası Barkod Tarih Son Görülme İtibaren Geçerli Fiyatlar Koha Öğesi Türü
CHP Kütüphanesi CHP Kütüphanesi 02/06/2024   188 A86K 2020 20881 02/06/2024 02/06/2024 Books